Histoire politique française #5 - Statistiques

Statistiques générales
  • Ce quiz a été pris 21 fois
  • Le résultat moyen est 6 sur 16
Statistiques - réponses
Questions Réponses % Correct
Qui en est le représentant ? Léon Blum
89%
Que forme le PCF, la SFIO et le parti radical aux législatives de 1936 ? le Front populaire
83%
En quelle année est construite la ligne Maginot ? janvier 1931
61%
Qui est assassiné par un anarchiste russe en 1932 ? Doumer
56%
Quels accords sont pris en juin 1936 avec pour résultats de multiples réformes sociales ? Accords de Matignon
50%
Qui est acclamé par la foule en évitant la guerre suit au rattachement des suèdes à l'Allemagne en 1938 ? Daladier
39%
Qui est le successeur de Doumergue ? Doumer
39%
Quel région Hitler remilitarise-t-il profitant de l'instabilité française ? La Rhénanie
39%
A quoi est dû le krach financier de 1929 (simplifié) ? Eclatement d'une bulle spéculative
28%
Après ces ministères de centre droit qu'est reformé durant les élections législatives de mai 1932 ? Nouveau cartel des gauches
22%
Quel pacte est pris en août 1939 par l'Allemagne nazie ? Pacte germano-soviétique
22%
Quel adjectif défini la réaction des républiques à la montée en puissance de l'Allemagne nazie ? La Passivité
17%
Combien de ministères Tardieu il y a t-il eu durant l'instabilité politique que cause la crise ? Trois
17%
Qui est le chef de cette organisation ? Herriot
11%
Qui demande la suspension du plan Young durant la crise ? Hoover
11%
Quel politique mène-t-il pour relancer l'économie ? Politique de déflation (inefficace, entraîne sa chute)
11%
Aucun quiz correspondant
Distribution des résultats
% des personnes avec chaque résultat
Percentile par nombre de réponses
Votre historique - résultats
Vous n’avez pas pris ce quiz